000 00546cam a22002174a 4500
005 20250605164315.0
008 250528s ||||||||||||||||||||||||d
035 _a22667
020 _a9787040192452
040 _aGR-AtMCL
_bgre
_dGR-AtMCL
_eAACR2
245 1 _aDATABASE SYSTEM CONCEPTS (CHINESE EDITION)
250 _a5
260 _bMcgraw Hill,
_c2006
300 _a1142
700 1 _aKorth Henry F
_91852
700 1 _aSilberschatz Abraham
_91853
700 1 _aSudarshan S
_97689
942 _cBK
999 _c7715
_d7715